Statistiques concernant Les plus gros partenaires commerciaux - France (2016)

Cliquez ici pour prendre le quiz!

Statistiques générales

  • Ce quiz a été pris 45 fois
  • Le résultat moyen est 17 sur 19

Statistiques - réponses

exportations importations pays % Correct
79,1 md96,1 mdAllemagne
100%
35,3 md41,7 mdItalie
100%
33,6 md40,8 mdBelgique
100%
19,9 md51,9 mdChine
100%
35,0 md21,6 mdRoyaume-Uni
98%
19,3 md23,9 mdPays-Bas
98%
15,3 md16,0 mdSuisse
98%
36,0 md35,0 mdEspagne
95%
36,2 md38,8 mdEtats-Unis
95%
7,01 mdRussie
95%
6,97 md9,31 mdJapon
95%
6,89 mdAlgérie
93%
8,56 md9,90 mdPologne
89%
5,77 md6,16 mdSuède
86%
5,34 mdCorée du Sud
84%
7,87 md7,41 mdTurquie
82%
7,02 mdIrlande
80%
6,84 mdTchequie
61%
5,93 mdSingapour
45%

Distribution des résultats

Percentile by Number Answered

% des personnes avec chaque résultat

Votre développement - résultats

Vous n’avez pas pris ce quiz